Statistics for European Countries in 1950

Click here to take the quiz!

General Stats

  • This quiz has been taken 3,944 times
    (3,767 since last reset)
  • The average score is 29 of 32

Answer Stats

Country% Correct
United Kingdom
97%
Norway
96%
Finland
96%
France
96%
Sweden
96%
Portugal
95%
Spain
95%
Ireland
95%
Greece
95%
Denmark
95%
Poland
94%
Belgium
94%
Austria
94%
Netherlands
94%
Yugoslavia
94%
Soviet Union
93%
Italy
93%
Andorra
93%
Hungary
92%
West Germany
91%
Albania
91%
Iceland
90%
East Germany
90%
Czechoslovakia
90%
Romania
89%
Bulgaria
89%
San Marino
88%
Luxembourg
88%
Monaco
87%
Switzerland
87%
Liechtenstein
78%
Vatican City
68%

Score Distribution

Percentile by Number Answered

Percent of People with Each Score

Your Score History

You have not taken this quiz since the last reset